| 000 | 00593nam a22002057a 4500 | ||
|---|---|---|---|
| 008 | 150511b xxu||||| |||| 00| 0 eng d | ||
| 020 | _a9780078021343 | ||
| 020 | _a0078021340 | ||
| 041 | 0 | _aeng | |
| 080 | _a613.2 | ||
| 100 | 1 | _aWardlaw, Gordon M. | |
| 245 | 1 | 0 |
_aContemporary nutrition : _cGordon M. Wardlaw, Anne M. Smith, Angela L. Collene. |
| 250 | _a3rd ed. | ||
| 260 |
_aNew York, NY : _bMcGraw-Hill Co., _c2013. |
||
| 300 |
_a707 f.: _bme il.; _c28 cm. |
||
| 490 | 0 | _aConnect, Learn, Succeed | |
| 650 | 0 | _aUshqimi | |
| 650 | 0 | _aNutricion | |
| 942 |
_2udc _cBK |
||
| 999 |
_c721 _d721 |
||